000 00507nam a2200169 i 4500
001 26226
003 ES-MaACL
005 20230906153415.0
007 t|
008 030108s1921 fr ||||1| fre d
110 2 _aSociedad de Naciones.
_96682
245 1 0 _aLa première assemblée de la Société des nations /
_cavec une introd. de Paul Hymans.
260 _aLaussanne :
_bLibrairie Payot et Cia,
_c1921.
300 _a78 p. ;
_c22 cm.
700 1 _aHymans, Paul.
_964883
852 _aES-MaACL
_j1609-F-5
999 _c26226
_d26226